Descriptions of new species of fossils. (Record no. 24578)
[ view plain ]
| 000 -LEADER | |
|---|---|
| fixed length control field | 00898cam a22002411 4500 |
| 001 - CONTROL NUMBER | |
| control field | gs 07000437 |
| 003 - CONTROL NUMBER IDENTIFIER | |
| control field | DLC |
| 005 - DATE AND TIME OF LATEST TRANSACTION | |
| control field | 20260227111305.0 |
| 008 - FIXED-LENGTH DATA ELEMENTS--GENERAL INFORMATION | |
| fixed length control field | 930322s1872 nyuf 000 0 eng c |
| 010 ## - LIBRARY OF CONGRESS CONTROL NUMBER | |
| LC control number | gs 07000437 |
| 035 ## - SYSTEM CONTROL NUMBER | |
| System control number | (OCoLC)27773275 |
| 040 ## - CATALOGING SOURCE | |
| Original cataloging agency | U.S. Geol. Survey Library |
| Transcribing agency | NNM |
| Modifying agency | DLC |
| 042 ## - AUTHENTICATION CODE | |
| Authentication code | premarc |
| 050 00 - LIBRARY OF CONGRESS CALL NUMBER | |
| Classification number | QE728 |
| Item number | .H17 |
| 100 1# - MAIN ENTRY--PERSONAL NAME | |
| Personal name | Hall, James, |
| Dates associated with a name | 1811-1898. |
| 245 00 - TITLE STATEMENT | |
| Title | Descriptions of new species of fossils. |
| Remainder of title | From the Devonian rocks of Iowa; with a preliminary note on the formations. |
| Statement of responsibility, etc. | By James Hall and R.P. Whitfield. |
| 260 ## - PUBLICATION, DISTRIBUTION, ETC. | |
| Place of publication, distribution, etc. | Albany, |
| Name of publisher, distributor, etc. | Weed, Parsons & Company, printers, |
| Date of publication, distribution, etc. | 1872. |
| 300 ## - PHYSICAL DESCRIPTION | |
| Extent | 21 p. |
| Other physical details | 4 pl. |
| Dimensions | 24 cm. |
| 500 ## - GENERAL NOTE | |
| General note | Published July, 1872, in advance of the 23rd report on the state cabinet. |
| 650 #0 - SUBJECT ADDED ENTRY--TOPICAL TERM | |
| Topical term or geographic name entry element | Paleontology |
| Chronological subdivision | Devonian. |
| 650 #0 - SUBJECT ADDED ENTRY--TOPICAL TERM | |
| Topical term or geographic name entry element | Paleontology |
| Geographic subdivision | Iowa. |
| 700 1# - ADDED ENTRY--PERSONAL NAME | |
| Personal name | Whitfield, R. P. |
| Fuller form of name | (Robert Parr), |
| Dates associated with a name | 1828-1910, |
| Relator term | joint author. |
No items available.